The uses of enchantment : the meaning and importance of fairy tales

Αποθηκεύτηκε σε:
Λεπτομέρειες βιβλιογραφικής εγγραφής
Κύριος συγγραφέας: Bettelheim, Bruno
Μορφή: Βιβλίο
Γλώσσα:English
Δημοσίευση: London : Penguin Books, 1991.
Θέματα:
Ετικέτες: Προσθήκη ετικέτας
Δεν υπάρχουν, Καταχωρήστε ετικέτα πρώτοι!

MARC

LEADER 00000cam a2200000 i 4500
001 1/79506
008 990506s1991 enk| ||| |||| | eng||
020 |a 0140137270  
035 |l 10050402  
040 |a GR-MyUa   |b gre   |e AACR2  
041 0 |a eng 
082 7 |a 398.45   |2 (22) 
100 1 |a Bettelheim, Bruno. 
245 1 4 |a The uses of enchantment :   |b the meaning and importance of fairy tales /   |c Bruno Bettelheim. 
260 |a London :   |b Penguin Books,   |c 1991.  
300 |a 339 σ. ;   |c 20 εκ.  
504 |a Περιλαμβάνει βιβλιογραφία (σ. [325]-328) και ευρετήριο.  
650 0 |a Fairy tales  |x History and criticism. 
650 0 |a Psychoanalysis and folklore. 
650 0 |a Folklore and children. 
767 0 8 |i Μεταφρασμένο ως:   |t Psychanalyse des contes de fees /  
852 |a INST  |b RHODES  |e 19990506  |h 398.45 BET  |p 005400011768  |q 005400011768  |t BK  |y 0 
901 |a BIBL-1999-1 
922 |a 4ΕΛΗ  |b 199903